000 00863nam a2200253Ia 4500
003 OSt
005 20220923225011.0
006 a|||||r|||| 00| 0
007 ta
008 220922b |||||||| |||| 00| 0 hin d
024 _a255,000
037 _cTextual
040 _aARTS
_cARTS
_bhin
041 _2hin
_ahin
082 _aO152,1:gN5, K9
100 _aगुप्त, जगदीश
_9156290
245 0 _aनयी कविता
_b स्वरूप और समस्याएं
246 _aNayī kavitā: svarūp aur samasyāean
260 _aकलकत्ता
_b भारतीय ज्ञानपीठ प्रकाशन
_c1969
300 _a409पृ.
_ccm.
650 _aहिन्दी कहानी
942 _hO152,1:gN5, K9
_cTEXL
_2CC
999 _c375313
_d375313